Endocrine physiology /

Bibliographic Details
Main Author: Martin, Constance R.
Format: Book
Language:English
Published: New York : Oxford University Press, 1985.
Subjects:

MARC

Tag First Indicator Second Indicator Subfields
LEADER 00000cam a2200000 a 4500
001 in00004458813
005 20191202121321.0
008 841203s1985 nyua b 00110 eng
010 |a  84027264  
020 |a 0195033590 
035 |a (OCoLC)10660082 
035 |9 AAB3204MS 
035 |z (UtOrBLW)5014 
035 |a 7607 
039 0 |a 2  |b 3  |c 3  |d 3  |e 3 
040 |a DLC  |c DLC  |d WAU  |d TMV  |d UtOrBLW 
049 |a TMVM  |c 1 
050 0 0 |a QP187  |b .M346 1985 
059 |l MS/BOOK STKS  |v 5  |y 5  |z 4  |t BOOK  |k CIRCULATING  |i 323890024090/  |n NL  |a WK 102  |b M379t 1985 
060 4 |a WK 102  |b M379t 1985 
100 1 |a Martin, Constance R. 
245 1 0 |a Endocrine physiology /  |c Constance R. Martin. 
264 1 |a New York :  |b Oxford University Press,  |c 1985. 
300 |a xii, 1008 pages :  |b illustrations ;  |c 26 cm. 
336 |a text  |2 rdacontent  |b txt 
337 |a unmediated  |2 rdamedia 
338 |a volume  |2 rdacarrier  |b nc 
500 |a Revision of: Textbook of endocrine physiology. 1976. 
504 |a Includes bibliographies and index. 
650 2 |a Endocrine Glands  |x physiology. 
650 2 |a Hormones  |x physiology. 
700 1 |a Martin, Constance R.  |t Textbook of endocrine physiology. 
948 |a Keep until updated per EC; 2003 evaluation, nb 10/02/03. 
999 |a MARS 
999 f f |s a335282b-34e0-3487-8b53-109d4772c097  |i 13181790-8254-35ca-b7f0-619138c450dc  |t 0 
952 f f |p ric  |a Texas A&M University  |b Rellis Campus  |c Joint Library Facility  |d Remote Storage  |t 0  |e WK 102 M379t 1985  |h National Library of Medicine classification  |i unmediated -- volume  |m 323890024090/ 
998 f f |a WK 102 M379t 1985  |t 0  |l Remote Storage